00247nam a2200109Ia 4500008004100000100001300041245001600054260002900070260000900099546001200108999001700120170619s9999 xx 000 0 und d aJain P C 0aYou can win bNew Delhi; Standard Pub. c2005 aENGLISH c18095d18095